Entomology and pest management

Bibliographic Details
Main Author: PEDIGO
Format: Book
Published: Upper Saddle River, NJ : Prentice Hall , 2002
Edition:4th ed.
Subjects:

MARC

LEADER 00000cam a2200000 7i4500
001 0000003104
005 20040526.0
020 0 0 |a 0130195677 
090 0 0 |a 632.7   |b PED 2002 
100 1 0 |a PEDIGO   |h Larry P. 
245 1 0 |a Entomology and pest management   |c Larry P. Pedigo 
250 0 0 |a 4th ed. 
260 0 0 |a Upper Saddle River, NJ :   |b Prentice Hall ,   |c 2002 
300 |a xxii, 742 p. :   |b ill. ;   |c 26 cm. 
500 0 0 |a Includes bibliographical references 
650 0 0 |a Entomology 
650 0 0 |a Insect pests 
650 0 0 |a Insect pests   |x Control 
650 0 0 |a Insects 
998 |a JPSM 
999 |a 0000005574   |b Monograph   |c Open Shelf   |e Default branch